Normal view MARC view
  • Walton. Sam

Entry Personal Name

Number of records used in: 1

001 - CONTROL NUMBER

  • control field: 134383

003 - CONTROL NUMBER IDENTIFIER

  • control field: NUST

005 - DATE AND TIME OF LATEST TRANSACTION

  • control field: 20260508110917.0

008 - FIXED-LENGTH DATA ELEMENTS

  • fixed length control field: 260508|| aca||aabn | a|a d

040 ## - CATALOGING SOURCE

  • Original cataloging agency: NUST
  • Transcribing agency: NUST

100 ## - HEADING--PERSONAL NAME

  • Personal name: Walton. Sam

670 ## - SOURCE DATA FOUND

  • Source citation: Work cat.: (NUST): Walton. Sam., SAM Walton: Made in America /, 1992.
© 2023 Central Library, National University of Sciences and Technology. All Rights Reserved.